| 000 | 01213nam1a22002171i 4500 | ||
|---|---|---|---|
| 001 | rc\3173063 | ||
| 005 | 20260407095209.0 | ||
| 035 | _a(NLR Aleph) 007309272 | ||
| 090 |
_a5792770 _c5792770 |
||
| 100 | _a20120615d1976 |||y0rusy50 ca | ||
| 101 | 0 | _arus | |
| 102 | _aRU | ||
| 105 | _a z ||||| | ||
| 200 | 1 |
_aСтратиграфия кайнозоя Северного Причерноморья и Крыма _eСборник науч. работ _fРед. коллегия: д-р геол.-минерал. наук. проф. М.Ф. Носовский (отв. ред.) и др. _gМ-во высш. и сред. спец. образования СССР. Днепропетр. гос. ун-т им. 300-летия воссоединения Украины с Россией. Науч.-исслед. ин-т геологии |
|
| 210 |
_aДнепропетровск _cБ. и. _d1976 |
||
| 702 | 1 |
_aНосовский _bМ.Ф. _4340 |
|
| 712 | 0 | 2 |
_aДнепропетровский университет им. 300-летия воссоединения Украины с Россией _3RU\NLR\AUTH\889922013 _9340064 |
| 801 | 0 |
_aRU _bNLR _gpsbo |
|
| 801 | 1 |
_aRU _bELAR _2rusmarc |
|
| 852 |
_aNLR _j77-7/2304 |
||
| 942 | _cBOOK | ||